| 000 | 01234nam a2200193Ia 4500 | ||
|---|---|---|---|
| 999 |
_c34708 _d34708 |
||
| 001 | 495 | ||
| 003 | GE_BSU | ||
| 005 | 20251201173500.0 | ||
| 008 | 181216s2010||||ge |||||||||||||| ||geo|| | ||
| 040 | _cGE_BSU | ||
| 041 | _ageo | ||
| 080 | _a811.353.1+32+39+008 ქ-27 | ||
| 245 |
_aქართველური მემკვიდრეობა XIV _bეძღვნება სრულიად საქართველოს კათოლიკოს-პატრიარქის, მცხეთა-თბილისის მთავარეპისკოპოსის, ბიჭვინთისა და ცხუმ-აფხაზეთის მიტროპოლიტის, უწმინდესისა და უნეტარესის ილია მეორის დაბადებიდან 77-ე და ასაყდრებიდან 33-ე წლისთავს. ა. წერეთლის უნ-ტი |
||
| 264 |
_aქუთაისი, _bაკ. წერეთლის სახ. უნ-ტი _c2010. |
||
| 300 | _a368 გვ. | ||
| 541 | _h12 ლ. | ||
| 653 | _aქართველური მემკვიდრეობა | ||
| 942 |
_cBK _2udc |
||